Joniho poslední bitva /

Uloženo v:
Hlavní autor: Netanjahu, Ido, 1952- (Autor)
Další autoři: Weiner, David (Autor)
Médium: Kniha
Jazyk:Czech
Vydáno: Praha : Nakladatelství Zeď, 2026
Vydání:Vydání první
Témata:
Celkem bylo vypůjčeno:0x
Tagy:
Žádné tagy
LEADER 02460cam a2200601 i 4500
001 106696
003 CZ PrNK
005 20260701112939.0
007 ta
008 260522s2026 xr acbfe 000 0dcze d
015 |a cnb003750446 
020 |a 9788088445357  |q (brožováno) :  |c Kč 449.00 
040 |a PAG001  |b cze  |d KLG001  |e rda 
041 1 |a cze  |k eng  |h heb 
072 7 |a 355/359  |x Vojenství. Obrana země. Ozbrojené síly  |2 Konspekt  |9 15 
072 7 |a 929  |x Biografie  |2 Konspekt  |9 8 
080 |a 355.091/.095  |2 MRF 
080 |a 323.28-058.6  |2 MRF 
080 |a 355.318  |2 MRF 
080 |a 355.422  |2 MRF 
080 |a 343.712.5  |2 MRF 
080 |a 323.28  |2 MRF 
080 |a 929  |2 MRF 
080 |a (569.4)  |2 MRF 
080 |a (676.1)  |2 MRF 
080 |a (092)  |2 MRF 
080 |a (0:82-96)  |2 MRF 
100 1 |a Netanjahu, Ido,  |d 1952-  |7 xx0345582  |4 aut  |9 117549 
240 1 0 |a Yoni's last battle.  |l Česky 
245 1 0 |a Joniho poslední bitva /  |c Ido Netanjahu ; z anglického vydání Yoni's Last Battle ... přeložil David Weiner 
250 |a Vydání první 
264 1 |a Praha :  |b Nakladatelství Zeď,  |c 2026 
300 |a 311 stran, 32 nečíslovaných stran obrazových příloh :  |b ilustrace (částečně barevné), portréty, mapy, faksimile ;  |c 21 cm 
336 |a text  |b txt  |2 rdacontent 
337 |a bez média  |b n  |2 rdamedia 
338 |a svazek  |b nc  |2 rdacarrier 
600 1 4 |a Netanjahu, Jonatan,  |d 1946-1976  |7 xx0345584  |2 czenas  |9 117551 
648 7 |a 20. století  |7 ch460558  |2 czenas  |9 52888 
648 7 |a 1971-1980  |7 ch460585  |2 czenas  |9 52915 
650 0 7 |a vojenští velitelé  |7 ph127214  |y 20. století  |z Izrael  |2 czenas 
650 0 7 |a oběti terorismu  |7 ph257877  |y 20. století  |z Izrael  |2 czenas 
650 0 7 |a speciální jednotky (vojenství)  |7 ph125893  |y 20. století  |z Izrael  |2 czenas 
650 0 7 |a speciální operace (vojenství)  |7 ph125895  |y 20. století  |z Izrael  |2 czenas 
650 0 7 |a únosy letadel  |7 ph581720  |y 1971-1980  |2 czenas 
650 0 7 |a terorismus  |7 ph116439  |z Uganda  |2 czenas 
655 7 |a biografie  |7 fd131909  |2 czenas  |9 53508 
655 7 |a literatura faktu  |7 fd132773  |2 czenas  |9 53694 
700 1 |a Weiner, David  |7 ola20191022699  |4 trl  |9 110214 
710 2 |a Nakladatelství Zeď  |7 olak20261289832  |4 pbl  |9 117550 
910 |a UOG502 
942 |2 ddc  |c KN 
999 |d 106696 
993 |0 0  |1 421180107423  |2 ddc  |4 0  |6 355_359000000000000  |7 0  |9 100201  |b 0  |c 107423  |d 2026-07-01  |e 0  |f DOSP  |g 355/359  |h 449.00  |i Koupě  |l DOSP  |r 2026-07-02  |t 5  |w 2026-07-01  |y KN  |z NAUCNA  |n